01271nam a2200337 i 450000100060000000300090000600500170001500800390003201500170007104000280008804100180011608000080013408000080014210000490015024501490019926000560034830000480040433600270045233700540047933800280053338000170056149000420057850400340062054600410065465800310069565000160072665000090074271000420075183000420079385600980083513457KOSZ 00520200630132828.0081003s1959 pl ab f f 000 0 pol aPB 1959/6415 aWA NcWA NdKOSZ 005/RW0 apolbgerbrus a691 a5531 aSkalmowski, Włodzimierzd(1899-1980)eAutor10aGipsy i anhydryty w Polsce :bmożliwości i kierunki ich zastosowania /cWłodzimierz Skalmowski ; Polska Akademia Nauk. Zakład Budownictwa. aWarszawa :bPaństwowe Wydawnictwo Naukowe,c1959. a87, [1] stron :bilustracje, mapa ;c24 cm. aTekstbtxt2rdacontent aBez urządzenia pośredniczącegobn2rdamedia aWoluminbnc2rdacarrier aKsiążki.1 aStudia z Zakresu Budownictwa ;vnr 4. aBibliografia na stronie [82]. aStreszczenie rosyjskie i niemieckie. aArchitektura i budownictwo 4aBudownictwo 4aGips2 aPaństwowe Wydawnictwo Naukowe4pbl. 0aStudia z Zakresu Budownictwa ;vnr 4. uhttp://koha.tu.koszalin.pl/cgi-bin/koha/opac-detail.pl?biblionumber=13457yKatalog online BPK